000 00500nam a2200181Ia 4500
001 8615
005 20260306160622.0
008 260306t2007||||xx |||||||||||||| ||spa||
041 _aESP
082 _a371.2
_bM26
100 _aMartín-Moreno Cerrillo, Quintina
_eAUT
245 0 _aOrganización y dirección de centros educativos innovadores:
_bel centro educativo versátil
260 _c2007
300 _a492 páginas :
_c24 cm.
650 _aGEN
654 _aCED
942 _cLIB
_dJUS
_fJUS
_2ddc
_n
999 _c8615
_d8615